Living fossils - Statistics

General Stats
  • This quiz has been taken 36 times
  • The average score is 3 of 13
Answer Stats
Picture Answer % Correct
Alligator
90%
Horseshoe Crab
77%
Nautiloid
37%
Crinoid
33%
Gecko
27%
Coelocanth
17%
Gar
13%
Platypus
13%
Ginkgo Tree
7%
Dawn Ant
3%
Dawn Redwood
3%
Snapping Turtles
3%
Tuataura
3%
No matching quizzes found
Score Distribution
Percent of People with Each Score
Percentile by Number Answered
Your Score History
You have not taken this quiz